| 000 | 00756nam a2200241 i 4500 | ||
|---|---|---|---|
| 001 | 10074 | ||
| 003 | ES-MaACL | ||
| 005 | 20250829045050.0 | ||
| 007 | t| | ||
| 008 | 950203s1993 sp ||||1| spa d | ||
| 020 | _a84-7880-338-6 | ||
| 080 | _a32(46)"1982/1993" | ||
| 100 | 0 |
_aJiménez Losantos, Federico, _d1951- _966551 |
|
| 245 | 1 | 0 |
_aContra el felipismo _b: crónicas de una década / _cFederico Jiménez Losantos. |
| 250 | _a[1ª ed.]. | ||
| 260 |
_aMadrid : _bTemas de Hoy, _c1993. |
||
| 300 |
_a614 p. ; _c22 cm. |
||
| 490 | 1 | _aGrandes temas | |
| 651 | 4 |
_aEspaña- _xPolítica y gobierno- _y1982-1996. _98449 |
|
| 830 | 0 | 0 |
_aGrandes temas (Temas de Hoy) _9237065 |
| 852 |
_aES-MaACL _jL-17491 _bR.122935 |
||
| 999 |
_c10074 _d10074 |
||